La era del imperio: 1875-1914 /

Guardado en:
Autor Principal: Hobsbawm, Eric
Formato: Libro
Publicado: Buenos Aires : Crítica, 2004
Edición:4a. ed.
Series:Biblioteca E. J. Hobsbawm de Historia Contemporánea
Materias:
Etiquetas: Agregar Etiqueta
Sin Etiquetas, Sea el primero en etiquetar este registro!
LEADER 01125nam a22002295a 4500
001 CEM.cems017787
005 20120504111339.0
008 130507s2004##################000#0#####d
003 CEMS
020 |a 9879317084 
082 0 4 |a 940.2 
100 1 |a Hobsbawm, Eric 
245 1 0 |a La era del imperio: 1875-1914 /  |c Eric Hobsbawm 
250 |a 4a. ed. 
260 |a Buenos Aires :  |b Crítica,  |c 2004 
300 |a 408 p. 
490 0 |a Biblioteca E. J. Hobsbawm de Historia Contemporánea 
500 |a Título original: The age of empire: 1875-1914traducción: Juan Faci Lacasta 
505 0 |a La revolución centenaria - La economía cambia de ritmo- La era del imperio - La política de la democracia - Trabajadores del mundo - Banderas al viento: las naciones y el nacionalismo - Quién es quién o las incertidumbres de la burguesía - La nueva mujer - La transformación de las artes - Certidumbres socavadas: la ciencia - La razón y la sociedad - Hacia la revolución - De la paz a la guerra 
653 |a Historia universal 
653 |a Historia contemporánea 
859 |a CEMS  |b BIB. CEMS - Agricultura  |h 940.2  |i H653-2  |p A0634.06  |t Ej.1